Issues and Challenges In Social Science and Humanities-2020/ (Record no. 191408)

MARC details
000 -LEADER
fixed length control field 00644nam a22002057a 4500
005 - DATE AND TIME OF LATEST TRANSACTION
control field 20230920163723.0
010 ## - LCCN (DPL NO)
LC control number ENG-134686
020 ## - INTERNATIONAL STANDARD BOOK NUMBER
International Standard Book Number 9789390082186
Terms of availability 800.00
035 ## - SYSTEM CONTROL NUMBER
System control number EN-118219
037 ## - SOURCE OF ACQUISITION
Source of stock number/acquisition DBAD/PUB
082 ## - DEWEY DECIMAL CLASSIFICATION NUMBER
Classification number 500.00
245 ## - TITLE STATEMENT
Title Issues and Challenges In Social Science and Humanities-2020/
Statement of responsibility, etc Edited by N.Velmani and IQAC Team
260 ## - PUBLICATION, DISTRIBUTION, ETC. (IMPRINT)
Place of publication, distribution, etc Tamilnadu
Name of publisher, distributor, etc Shanlax Publications
270 ## - ADDRESS
Address 61,66 T.P.K Main Road Vasantha Nagar Madurai
City Tamilnadu
Postal code 625003
300 ## - PHYSICAL DESCRIPTION
Extent 266p.
Dimensions 29cm(pbk)
490 ## - SERIES STATEMENT
Volume number/sequential designation Vol. 1
700 ## - ADDED ENTRY--PERSONAL NAME
Personal name Velmani,N.
9 (RLIN) 57169
700 ## - ADDED ENTRY--PERSONAL NAME
Personal name Team,IQAC
9 (RLIN) 57170
942 ## - ADDED ENTRY ELEMENTS (KOHA)
Source of classification or shelving scheme Dewey Decimal Classification
Item type English Books
Classification part 300
Call number suffix ISS
Holdings
Withdrawn status Lost status Materials specified (bound volume or other part) Not for loan Collection code Home library Current library Date acquired Source of acquisition Cost, normal purchase price Full call number Barcode Copy number Cost, replacement price Koha item type
    Vol. 1   Non-fiction D.B.Act.Division Mobile Library 25/08/2022 DBAD/PUB 500.00 300 ISS EN-118218 1 500.00 English Books

© Delhi Public Library
Hit Counter
free hit counter